| 000 | 00847cam a2200253 a 4500 | ||
|---|---|---|---|
| 001 | 000002746 | ||
| 005 | 20200929150241.0 | ||
| 008 | 880412s1987 fr b 000 0 fre | ||
| 020 | _a2865371859 | ||
| 040 |
_aDO-SdBNP _bspa _cBNPHU |
||
| 082 |
_a299.675 _bP733v |
||
| 100 | 1 |
_aPluchon, Pierre. _98648 |
|
| 245 | 1 | 0 |
_aVaudou, sorciers, empoisonneurs : _bde Saint-Domingue a Haiti / _cPierre Pluchon. |
| 260 |
_aParis : _bKarthala, _c1987. |
||
| 300 |
_a320 p. ; _c22 cm. |
||
| 504 | _aBibliografía: p. 319-320 | ||
| 504 | _aIncluye referencias bibliográficas y notas al pie de las páginas | ||
| 590 | _aInventariado, 2018/VM | ||
| 650 | 4 |
_aVudú _zHispaniola _98649 |
|
| 650 | 0 |
_aBrujería _zHispaniola _98650 |
|
| 650 | 0 |
_aEnvenenamiento _zHispaniola _98651 |
|
| 650 | 4 |
_aMagia _zHispaniola _98652 |
|
| 910 | _aValidado. Control de calidad MFF | ||
| 999 |
_c2580 _d2580 |
||